LEADER 00614nam a2200169 i 4500 001 000000214715 003 CaOOAMICUS 005 20120802000000.0 008 120802s1854 xx u000 u fre u 013 $a193586 040 $aSeMil$bita 245 13$aLa mystique naturelle. Seconde partie. 300 $a457 p. 773 0 $tMystique divine, naturelle et diabolique.$dParis : Mme. Vve. Poussièlgue-Rusand, 1854.$g3$w()27178 850 $aSeMil 852 $aSeMil$W1$xVenegono$y1$m2B IV 24 FA$j165136$B165136$CSeMilBibl$Z2$F176110 $8I 996 $6245$aLa mystique naturelle. Seconde partie$9(OLS)http://semarc/title/309321 LEADER 00559nam a2200169 i 4500 001 000000240338 003 CaOOAMICUS 005 20150326000000.0 008 150326s1879 it u000 u fre u 013 $a219243 040 $aSeMil$bita 245 10$aRetraites. 2. 300 $a736 p. 773 0 $tEncyclopédie de la prédication contemporaine.$dMarseille : J. Mingardon, 1885.$g[15$w()31651 850 $aSeMil 852 $aSeMil$W1$xVenegono$y1$m3D V 144 FA$j190684$B190684$CSeMilBibl$Z2$F201526 $8I 996 $6245$aRetraites. 2$9(OLS)http://semarc/title/341899